El aula sin muros (Record no. 40995)

MARC details
000 -LEADER
campo de control de longitud fija 00801nam a2200229 i 4500
001 - NÚMERO DE CONTROL
campo de control 40995
003 - IDENTIFICADOR DE NÚMERO DE CONTROL
campo de control ES-MaACL
005 - FECHA Y HORA DE LA ÚLTIMA TRANSACCIÓN
campo de control 20250605122459.0
007 - CAMPO FIJO DE DESCRIPCIÓN FÍSICA--INFORMACIÓN GENERAL
campo de control de longitud fija t|
008 - DATOS DE LONGITUD FIJA--INFORMACIÓN GENERAL
campo de control de longitud fija 030307s1974 sp ||||1| spa d
100 1# - ENTRADA PRINCIPAL--NOMBRE DE PERSONA
Nombre de persona Carpenter, Edmund.
9 (RLIN) 35434
245 13 - MENCIÓN DEL TÍTULO
Título El aula sin muros
Resto del título : investigaciones sobre técnicas de comunicación /
Mención de responsabilidad, etc. Edmund Carpenter, Marshall McLuhan ; prólogo de Román Gubern ; [traducción de Luis Carandell].
250 ## - MENCION DE EDICION
Mención de edición [2ª ed.].
260 ## - PUBLICACIÓN, DISTRIBUCIÓN, ETC.
Lugar de publicación, distribución, etc. Barcelona :
Nombre del editor, distribuidor, etc. Laia,
Fecha de publicación, distribución, etc. [1974]
300 ## - DESCRIPCIÓN FÍSICA
Extensión 266 p. ;
Dimensiones 18 cm.
650 04 - PUNTO DE ACCESO ADICIONAL DE MATERIA--TÉRMINO DE MATERIA
Término de materia o nombre geográfico como elemento de entrada Comunicación.
9 (RLIN) 11187
700 1# - ENTRADA AGREGADA--NOMBRE PERSONAL
Nombre de persona McLuhan, Marshall,
Fechas asociadas al nombre 1911-1980
9 (RLIN) 79603
700 1# - ENTRADA AGREGADA--NOMBRE PERSONAL
Nombre de persona Gubern, Román,
Fechas asociadas al nombre 1934-
9 (RLIN) 60377
700 1# - ENTRADA AGREGADA--NOMBRE PERSONAL
Nombre de persona Carandell, Luis,
Fechas asociadas al nombre 1929-2002
9 (RLIN) 34959
852 ## - LOCALIZACIÓN
Ubicación ES-MaACL
Número de control de estantería E-64033
Sublocalización o colección R.90301
Holdings
Estatus retirado Estado de pérdida Estado de daño No para préstamo Biblioteca de origen Biblioteca actual Ubicación en estantería Fecha de adquisición Fuente de adquisición Total de préstamos Signatura topográfica completa Código de barras Visto por última vez Precio de reemplazo Tipo de ítem Koha
        Biblioteca del Ateneo de Madrid Biblioteca del Ateneo de Madrid Depósito 2 17/01/2008     E-64033 1043162 23/02/2023 23/02/2023 Libro impreso